Becoming (Record no. 219075)
[ view plain ]
| 000 -LEADER | |
|---|---|
| fixed length control field | 01493nam a2200361Ia 4500 |
| 082 04 - DEWEY DECIMAL CLASSIFICATION NUMBER | |
| Classification number | 305.8009598/2 |
| 100 1# - MAIN ENTRY--AUTHOR NAME | |
| Personal name | Retsikas, Konstantinos. |
| 245 10 - TITLE STATEMENT | |
| Title | Becoming |
| 260 ## - PUBLICATION, DISTRIBUTION, ETC. (IMPRINT) | |
| Place of publication | New York : |
| Name of publisher | Anthem Press, |
| Year of publication | c2012. |
| 300 ## - PHYSICAL DESCRIPTION | |
| Number of Pages | xxxiii, 217 p. : |
| Other physical details | maps. |
| 650 #0 - SUBJECT ADDED ENTRY--TOPICAL TERM | |
| Topical Term | Ethnology |
| Topical Term | Ethnopsychology |
| Topical Term | Personalism |
| Topical Term | Kinship |
| 856 40 - ELECTRONIC LOCATION AND ACCESS | |
| Uniform Resource Identifier | http://site.ebrary.com/lib/rucke/Doc?id=10595449 |
No items available.
